000 01484cam a2200169 4500500
005 20260208005338.0
041 _afre
042 _adc
100 1 0 _aCochet, François
_eauthor
245 0 0 _aJosé Cubero, La Grande Guerre et l’arrière (1914-1919), Pau, Éd. Cairn, 2007, 341 p.
260 _c2009.
500 _a60
520 _aRÉSUMÉParmi les motifs de l’assassinat de Marat en 1793, la trajectoire de la famille de Charlotte Corday n’a pas été souvent interrogée. L’étude de la carrière révolutionnaire de Jacques François de Corday d’Armont, père de l’assassin, démontre combien les logiques de déclassement et d’exclusion qui touchent les petites noblesses de l’Ancien Régime, ont engendré des modes spécifiques d’engagement qui ne peuvent se résumer au rejet monolithique de toute la Révolution.
520 _aABSTRACT To understand why Charlotte Corday killed Marat on July the 13th 1793, we propose to focus on the situation of her family. The revolutionnary career of her father Jacques François de Corday d’Armont, seems particularily to show that the nobiliary experience of Revolution have sometimes led to specific political choices, which one can not simply limit to Counterrevolution, but that one can link to political violence.
786 0 _nRevue historique | 650 | 2 | 2009-06-18 | p. 387zj-482zj | 0035-3264
856 4 1 _uhttps://shs.cairn.info/revue-historique-2009-2-page-387zj?lang=fr&redirect-ssocas=7080
999 _c1651702
_d1651702